000 00251nam a2200097Ia 4500
001 683246
005 20250826161434.0
008 250824s9999 xx 000 0 und d
245 0 _aYALNIZLIK PAYLAŞILMAZ
_cÖZDEMİR ASAF
260 _bYAPI KREDİ YAYINLARI
999 _c683246
_d683246